Úloha mikronutrientov vo výžive človeka bakalárska práca CD

Gespeichert in:
Bibliographische Detailangaben
1. Verfasser: Izingová, Iveta
Format: Software Buch
Sprache:Slowakisch
Veröffentlicht: Bratislava STU FCHPT 2013
Online-Zugang:Im OPAC anzeigen
Tags: Tag hinzufügen
Keine Tags, Fügen Sie das erste Tag hinzu!

MARC

LEADER 00000nam a2200000 a 4500
005 20260127134113.0
007 co ugu
008 131002 2013 000 0 slo d
035 |a vtls010547565 
039 9 |y 201310020853  |z mschk03 
040 |a STUSCHK1  |b slo  |c STUSCHK1  |e AACR2 
100 1 |a Izingová, Iveta 
245 1 |a Úloha mikronutrientov vo výžive človeka  |b bakalárska práca CD  |c Iveta Izingová 
260 |a Bratislava  |b STU FCHPT  |c 2013 
300 |a 1 optický disk 
500 |a Obhájené: 20.08.2013 
500 |a Štud. program: Potravinárstvo 
500 |a Štud. odbor: Potravinárstvo 
500 |a Škol. pracovisko: Odd. potravinárskej technológie 
500 |a Evid. číslo: FCHPT-5454-68729 
910 |a SCHK95 
999 |c 4148  |d 4148